Nourriture dans un petit déjeuner anglais complet - Statistiques

Statistiques générales
  • Ce quiz a été pris 896 fois
  • Le résultat moyen est 4 sur 8
Statistiques - réponses
Aliments % Correct
Œufs
92%
Bacon
84%
Pain grillé / Pain beurré
73%
Haricots
65%
Saucisses
59%
Tomate frite
34%
Champignons frits
18%
Boudin noir
4%
Aucun quiz correspondant
Distribution des résultats
% des personnes avec chaque résultat
Percentile par nombre de réponses
Votre historique - résultats
Vous n’avez pas pris ce quiz